Aprovisionamiento de pescado de las costas catalana y valenciana y de la ribera del Ebro, para la casa y despensa de Carlos I. / (Record no. 104760)

MARC details
000 -LEADER
campo de control de longitud fija 00684nam a2200169 i 4500
001 - NÚMERO DE CONTROL
campo de control 104760
003 - IDENTIFICADOR DE NÚMERO DE CONTROL
campo de control ES-MaACL
005 - FECHA Y HORA DE LA ÚLTIMA TRANSACCIÓN
campo de control 20230906183700.0
007 - CAMPO FIJO DE DESCRIPCIÓN FÍSICA--INFORMACIÓN GENERAL
campo de control de longitud fija t|
008 - DATOS DE LONGITUD FIJA--INFORMACIÓN GENERAL
campo de control de longitud fija 051212s1947 sp ||||1| spa d
100 1# - ENTRADA PRINCIPAL--NOMBRE DE PERSONA
Nombre de persona Miralles de Imperial y Gómez, Claudio.
9 (RLIN) 81499
245 10 - MENCIÓN DEL TÍTULO
Título Aprovisionamiento de pescado de las costas catalana y valenciana y de la ribera del Ebro, para la casa y despensa de Carlos I. /
Mención de responsabilidad, etc. Claudio Miralles de Imperial y Gómez.
260 ## - PUBLICACIÓN, DISTRIBUCIÓN, ETC.
Lugar de publicación, distribución, etc. Barcelona :
Nombre del editor, distribuidor, etc. [s.n.],
Fecha de publicación, distribución, etc. 1947.
300 ## - DESCRIPCIÓN FÍSICA
Extensión 2 p. ;
Dimensiones 24 cm.
500 ## - NOTA GENERAL
Nota general Publicado en el Boletin de la Real Academia de Buenas Letras de Barcelona. XX.- 1947. pág. 197-200.
852 ## - LOCALIZACIÓN
Ubicación ES-MaACL
Número de control de estantería 1885-F-12
Sublocalización o colección R.25978
Holdings
Estatus retirado Estado de pérdida Estado de daño No para préstamo Colección Biblioteca de origen Biblioteca actual Ubicación en estantería Fecha de adquisición Fuente de adquisición Total de préstamos Signatura topográfica completa Código de barras Visto por última vez Precio de reemplazo Tipo de ítem Koha
        Colección de folletos Biblioteca del Ateneo de Madrid Biblioteca del Ateneo de Madrid Depósito folletos 17/01/2008     1885-F-12 1109373 23/02/2023 23/02/2023 Folleto